| 000 | 00316nam a2200121Ia 4500 | ||
|---|---|---|---|
| 008 | 230907s9999||||xx |||||||||||||| ||und|| | ||
| 082 |
_a621.042 _bJEN |
||
| 100 |
_aJenkins, Dilwyn. _9115976 |
||
| 245 | 0 | _aRenewable energy systems : | |
| 260 |
_aEarthscan, _bNew York : _c2013 |
||
| 300 | _axv, 241 p. : | ||
| 942 | _cBK | ||
| 999 |
_c600639 _d600639 |
||